000 00333nam a22001457a 4500
008 210531b ||||| |||| 00| 0 eng d
020 _a0395328160
041 _aeng
080 _23rd
_a339.138
082 _a339.138
100 _a60
101 _aMAR
245 _aPride and Ferrell Marketing
_cWilliam M. Pride
942 _2udc
_cBK
999 _c57864
_d57864